000 00379cam a2200145ua 4500
041 _amal
_h
082 _a894.812308
_bRAM/MA
100 _aRamakrishnan, Malayattoor.
245 _aManja mukham /
_cMalayattur Ramakrishnan.
_hTextual Documents
260 _aKonni :
_bVenus Press & Book Depot, ,
_c1959.
300 _a147 ; .
504 _a
942 _cBK
999 _c6615
_d6615